Territorio e identidad en la mirada de sus pobladores : contribuciones de la foto-elucidación al abordaje de la producción étnica Huarpe en Mendoza (Argentina) /

El artículo analiza las percepciones de pobladores de una comunidad rural acerca de su territorio en el desierto de Lavalle (Provincia de Mendoza, Argentina). Enmarcado en un proceso de (re)articulación étnica, la disputa por el reconocimiento identitario como descendientes de los Huarpe y por las t...

Descripción completa

Detalles Bibliográficos
Autor principal: Nussbaumer, Beatriz
Otros Autores: Cowan Ros, Carlos
Formato: Analitica de revista
Lenguaje:español
Publicado: Santiago, Chile Centro de Estudios en Antropología Visual 2013
Materias:
Acceso en línea:Acceso electrónico al documento

MARC

LEADER 00000cab a2200000 a 4500
001 039601
003 UAHC_CL
005 20170803124358.0
008 160421b2013 cl 000 spa
040 |a UAHC_CL  |c UAHC_CL  |d UAHC_CL 
100 1 |a Nussbaumer, Beatriz 
245 1 0 |a Territorio e identidad en la mirada de sus pobladores :  |b contribuciones de la foto-elucidación al abordaje de la producción étnica Huarpe en Mendoza (Argentina) /  |c Beatriz Nussbaumer, Carlos Cowan Ros. 
260 |b Centro de Estudios en Antropología Visual  |c 2013  |a Santiago, Chile 
300 |a p. 115 - 147 
500 |a En: Revista Chilena de Antropología Visual. No. 22, 2013. pp. 115 - 147. ISSN 0718876X. 
500 |a En: Revista Chilena de Antropología Visual. No. 22, 2013. pp. 115 - 147. ISSN 0718876X. 
520 |a El artículo analiza las percepciones de pobladores de una comunidad rural acerca de su territorio en el desierto de Lavalle (Provincia de Mendoza, Argentina). Enmarcado en un proceso de (re)articulación étnica, la disputa por el reconocimiento identitario como descendientes de los Huarpe y por las tierras ocupadas históricamente, genera en la población local la resignificación de su pasado y con ello de los modos de apropiación del territorio y de sus sentidos de comunidad. El uso de la técnica de foto-elucidación con imágenes producidas por pobladores, ha permitido identificar la importancia atribuida al espacio natural y cultural, a las prácticas sociales de los sujetos y a la comunidad en la producción de sentidos de territorio. La auto-valoración del conocimiento espacio-temporal del mismo, así como la inversión positiva del término desierto, intervienen en el proceso de reafirmación positiva de su identidad y de la legitimidad de sus reclamos. 
520 |a El artículo analiza las percepciones de pobladores de una comunidad rural acerca de su territorio en el desierto de Lavalle (Provincia de Mendoza, Argentina). Enmarcado en un proceso de (re)articulación étnica, la disputa por el reconocimiento identitario como descendientes de los Huarpe y por las tierras ocupadas históricamente, genera en la población local la resignificación de su pasado y con ello de los modos de apropiación del territorio y de sus sentidos de comunidad. El uso de la técnica de foto-elucidación con imágenes producidas por pobladores, ha permitido identificar la importancia atribuida al espacio natural y cultural, a las prácticas sociales de los sujetos y a la comunidad en la producción de sentidos de territorio. La auto-valoración del conocimiento espacio-temporal del mismo, así como la inversión positiva del término desierto, intervienen en el proceso de reafirmación positiva de su identidad y de la legitimidad de sus reclamos. 
650 4 |a IDENTIDAD 
650 4 |a IMAGINACION 
650 4 |a Territorio 
700 1 |a Cowan Ros, Carlos 
759 |a PP121 
773 0 |t Revista chilena de comunicación  |w 039682 
856 |u http://www.rchav.cl/2013_22_art05_nussbaumer_&_cowan.html#2  |3 Acceso electrónico al documento  |y Acceso electrónico al documento 
856 |u http://www.rchav.cl/2013_22_art05_nussbaumer_&_cowan.html#2  |3 Acceso electrónico al documento  |y Acceso electrónico al documento 
900 |a REV. CHIL. ANTROPOL. VIS.-22/13 
942 |c REVA 
952 |0 0  |1 0  |4 0  |6 REV___CHIL__ANTROPOL__VIS_22_13_000000000000000  |7 0  |8 General  |9 75237  |a BC  |b BC  |c General  |d 2017-08-03  |l 0  |o REV. CHIL. ANTROPOL. VIS.-22/13  |p FICTICIO17272  |r 2019-01-08 00:00:00  |t 1  |w 2017-08-03  |y REVA 
999 |c 39601  |d 39601